[Event "2BLS 2122 SC Böblingen - SV Worms 1878"]
[Site "?"]
[Date "2022.06.19"]
[Round "8.1"]
[White "Karsay, Pascal"]
[Black "Gaehwiler, Gabriel"]
[Result "1/2-1/2"]
[WhiteElo "2320"]
[BlackElo "2413"]
[PlyCount "82"]
[EventDate "2022.??.??"]

1. Nf3 Nf6 2. c4 g6 3. Nc3 Bg7 4. g3 b6 5. d4 Bb7 6. d5 O-O 7. Bg2 Na6 8. O-O
Nc5 9. Nd4 e5 10. Nc2 a5 11. b3 Ne8 12. Rb1 f5 13. a3 a4 14. b4 Nb3 15. Ne1
Nxc1 16. Rxc1 e4 17. Qd2 Qe7 18. Nc2 Nd6 19. Ne3 c5 20. dxc6 dxc6 21. c5 bxc5
22. bxc5 Nf7 23. Na2 Ba6 24. Nb4 Bb5 25. Rfd1 Rfd8 26. Qc2 Ne5 27. Bf1 Bh6 28.
Qc3 Bg7 29. Qc2 Bh6 30. Qc3 Qf6 31. Rxd8+ Rxd8 32. Rd1 Nf3+ 33. exf3 Qxc3 34.
Rxd8+ Kf7 35. f4 Qxc5 36. Bxb5 Qxb5 37. Rc8 Bf8 38. Nxc6 Bxa3 39. Nc4 Bc5 40.
Rb8 Qxb8 41. Nxb8 a3 1/2-1/2

[Event "2BLS 2122 SC Böblingen - SV Worms 1878"]
[Site "?"]
[Date "2022.06.19"]
[Round "8.2"]
[White "Kuklin, Valentin"]
[Black "Nasshan, Dennis"]
[Result "1/2-1/2"]
[WhiteElo "2382"]
[BlackElo "2291"]
[PlyCount "88"]
[EventDate "2022.??.??"]

1. e4 c6 2. Nc3 d5 3. Nf3 Nf6 4. e5 Ne4 5. Ne2 Qb6 6. d4 e6 7. Ng3 c5 8. Bd3
Nxg3 9. hxg3 Nc6 10. c3 cxd4 11. cxd4 Bd7 12. Bb1 Bb4+ 13. Kf1 Be7 14. b3 h6
15. Bb2 O-O-O 16. Bd3 Nb4 17. Rc1+ Kb8 18. a4 Nxd3 19. Qxd3 Rc8 20. Rb1 Qc6 21.
Ke2 Qc2+ 22. Nd2 Qxd3+ 23. Kxd3 Rhd8 24. Rhc1 Be8 25. Rxc8+ Kxc8 26. Rc1+ Kd7
27. g4 f6 28. f4 Bg6+ 29. Ke3 Bb4 30. Nf3 Be4 31. Nd2 Bxg2 32. Rg1 Bxd2+ 33.
Kxd2 Be4 34. Ba3 Rc8 35. Rc1 Rxc1 36. Kxc1 Ke8 37. a5 Bf3 38. g5 fxg5 39. fxg5
h5 40. Kd2 Be4 41. Ke3 Bc2 42. Bc5 a6 43. b4 h4 44. Kf3 Bf5 1/2-1/2

[Event "2BLS 2122 SC Böblingen - SV Worms 1878"]
[Site "?"]
[Date "2022.06.19"]
[Round "8.3"]
[White "Baerwinkel, Tobias"]
[Black "Ortmann, David"]
[Result "1/2-1/2"]
[WhiteElo "2333"]
[BlackElo "2328"]
[PlyCount "81"]
[EventDate "2022.??.??"]

1. d4 d5 2. c4 e6 3. Nf3 Nf6 4. g3 Be7 5. Bg2 O-O 6. O-O c6 7. Nc3 Nbd7 8. Qd3
b6 9. e4 a5 10. e5 Ne8 11. Re1 Ba6 12. b3 Rc8 13. h4 c5 14. Ng5 g6 15. Nxd5
exd5 16. Bxd5 Nc7 17. Bxf7+ Rxf7 18. Nxf7 Kxf7 19. d5 Nxe5 20. Rxe5 Bf6 21. f4
Qd6 22. Bb2 Re8 23. Rae1 Bc8 24. Qe2 Bd7 25. Rxe8 Nxe8 26. Be5 Qe7 27. Qf3 Nd6
28. h5 Nf5 29. Kf1 Nd4 30. hxg6+ Kxg6 31. Qh1 Bf5 32. Kf2 h5 33. d6 Qd8 34.
Bxf6 Qxf6 35. Qa8 Ne6 36. Qe8+ Kh6 37. Re5 Nf8 38. Qe7 Kg6 39. Qe8+ Kh6 40. Qe7
Kg6 41. Qe8+ 1/2-1/2

[Event "2BLS 2122 SC Böblingen - SV Worms 1878"]
[Site "?"]
[Date "2022.06.19"]
[Round "8.4"]
[White "Hirneise, Jens"]
[Black "Ollenberger, Roland"]
[Result "0-1"]
[WhiteElo "2327"]
[BlackElo "2267"]
[PlyCount "90"]
[EventDate "2022.??.??"]

1. e4 e5 2. Nf3 Nc6 3. Bb5 a6 4. Ba4 Nf6 5. d3 b5 6. Bb3 Be7 7. O-O O-O 8. Nc3
d6 9. a3 Bg4 10. Be3 Qd7 11. Nd5 Na5 12. Nxf6+ Bxf6 13. Ba2 Nc6 14. Bd5 Rad8
15. h3 Be6 16. c4 Ne7 17. Bxe6 Qxe6 18. Nd2 c6 19. Qc2 d5 20. cxd5 cxd5 21. Nb3
d4 22. Bd2 Rc8 23. Nc5 Qc6 24. Rfc1 Ng6 25. b4 Be7 26. Qa2 Nh4 27. Kh1 Qg6 28.
Rg1 Bxc5 29. bxc5 Rc6 30. Qd5 Qe6 31. Ba5 Rfc8 32. Bb6 Qf6 33. a4 Ng6 34. axb5
axb5 35. Qb3 Nf4 36. Qxb5 Qh6 37. Kh2 g5 38. Rh1 g4 39. Kg1 gxh3 40. g3 Qh5 41.
Qb1 Qf3 42. Qf1 Rh6 43. Rd1 Rcc6 44. Bd8 h2+ 45. Rxh2 Ne2+ 0-1

[Event "2BLS 2122 SC Böblingen - SV Worms 1878"]
[Site "?"]
[Date "2022.06.19"]
[Round "8.5"]
[White "Muranyi, Karl-Jasmin"]
[Black "Seitz, Patrick"]
[Result "1-0"]
[WhiteElo "2345"]
[BlackElo "2171"]
[PlyCount "91"]
[EventDate "2022.??.??"]

1. d4 Nf6 2. c3 d6 3. Bf4 g6 4. Nd2 Nh5 5. Bg3 Bg7 6. e3 Nd7 7. Bh4 c5 8. Be2
Nhf6 9. Ngf3 b6 10. a4 Bb7 11. O-O h6 12. a5 g5 13. Bg3 O-O 14. Qa4 Qc7 15.
Rfc1 Bc6 16. Qa3 Ne4 17. Nxe4 Bxe4 18. h4 Bf6 19. hxg5 hxg5 20. Nd2 Bb7 21. e4
Rac8 22. a6 Ba8 23. d5 Kg7 24. Nc4 Rh8 25. Bg4 Rh7 26. f3 Rch8 27. Qa4 Nf8 28.
Kf2 Ng6 29. Bf5 Be5 30. Nxe5 dxe5 31. Qd7 Qxd7 32. Bxd7 Nf4 33. Bxf4 exf4 34.
b4 e6 35. dxe6 fxe6 36. Bxe6 Rh6 37. Bd7 Bc6 38. Rd1 b5 39. bxc5 Rf8 40. e5
Bxd7 41. Rxd7+ Rf7 42. Rd6 Rc7 43. e6 Rxc5 44. e7 Rh8 45. Rd8 Rc8 46. Rad1 1-0

[Event "2BLS 2122 SC Böblingen - SV Worms 1878"]
[Site "?"]
[Date "2022.06.19"]
[Round "8.6"]
[White "Mueller, Ralf"]
[Black "Feldmann, Johannes"]
[Result "1-0"]
[WhiteElo "2352"]
[BlackElo "2231"]
[PlyCount "111"]
[EventDate "2022.??.??"]

1. d4 Nf6 2. c4 e6 3. Nf3 Bb4+ 4. Nbd2 O-O 5. a3 Be7 6. e3 b6 7. Be2 Bb7 8. b4
c5 9. Qb3 Qc7 10. O-O d6 11. Bb2 Nbd7 12. Rfe1 a5 13. Bf1 Ne4 14. Nxe4 Bxe4 15.
Nd2 Bg6 16. Be2 Bf6 17. Bf3 Rab8 18. Ne4 Bxe4 19. Bxe4 b5 20. cxb5 d5 21. Bxh7+
Kxh7 22. bxc5 g5 23. Rac1 Kg7 24. b6 Nxb6 25. cxb6 Qxb6 26. Qxb6 Rxb6 27. Bc3
Rb3 28. Bxa5 Be7 29. Bb4 Bxb4 30. axb4 Rxb4 31. Rb1 Rxb1 32. Rxb1 Ra8 33. h3
Kg6 34. g3 f5 35. Rb6 Kf6 36. Kg2 g4 37. Rb7 Rh8 38. hxg4 fxg4 39. f3 gxf3+ 40.
Kxf3 Rh1 41. Rb8 Rf1+ 42. Kg4 Re1 43. Rf8+ Ke7 44. Rf3 Rh1 45. Kg5 Rh8 46. g4
Rg8+ 47. Kh4 Rh8+ 48. Kg3 Rg8 49. Rf1 e5 50. dxe5 Ke6 51. Rf5 Ra8 52. e4 dxe4
53. Kf4 Rg8 54. Rf6+ Ke7 55. Ra6 e3 56. Ra3 1-0

[Event "2BLS 2122 SC Böblingen - SV Worms 1878"]
[Site "?"]
[Date "2022.06.19"]
[Round "8.7"]
[White "Musiolik, David"]
[Black "Tran, Thanh Kien"]
[Result "1-0"]
[WhiteElo "2217"]
[BlackElo "2136"]
[PlyCount "93"]
[EventDate "2022.??.??"]

1. Nf3 Nf6 2. c4 g6 3. Nc3 Bg7 4. e4 O-O 5. d4 c5 6. Be2 cxd4 7. Nxd4 d6 8. Be3
Nc6 9. f3 Nxd4 10. Bxd4 Be6 11. O-O Qa5 12. Rc1 Rfc8 13. b3 a6 14. Qd3 Nd7 15.
Bxg7 Kxg7 16. f4 f6 17. Kh1 Rc7 18. Rc2 Rac8 19. Rfc1 b5 20. cxb5 Nc5 21. Qe3
Nxe4 22. Qxe4 Bf5 23. Qe3 Bxc2 24. Nd5 axb5 25. Nxc7 Rxc7 26. b4 Qxa2 27. Bd3
Qd5 28. Rxc2 Rxc2 29. Bxc2 e5 30. fxe5 fxe5 31. Bb3 Qa8 32. Qc3 Qe4 33. h3 Qf4
34. Qe1 Qd4 35. Bd1 d5 36. Be2 Qb6 37. Bf1 Qd4 38. Qb1 e4 39. Bxb5 Qe3 40. Bf1
d4 41. b5 d3 42. b6 d2 43. b7 Qe1 44. b8=Q d1=Q 45. Qe5+ Kh6 46. Qf4+ g5 47.
Qb6+ 1-0

[Event "2BLS 2122 SC Böblingen - SV Worms 1878"]
[Site "?"]
[Date "2022.06.19"]
[Round "8.8"]
[White "Born, Mario"]
[Black "Helbig, Daniel"]
[Result "0-1"]
[WhiteElo "2217"]
[BlackElo "2227"]
[PlyCount "68"]
[EventDate "2022.??.??"]

1. d4 Nf6 2. Nf3 g6 3. g3 Bg7 4. Bg2 O-O 5. c4 d6 6. O-O c6 7. h3 Bf5 8. Nc3
Ne4 9. Qb3 Nxc3 10. bxc3 Qc8 11. Kh2 Be4 12. Nd2 Bxg2 13. Kxg2 c5 14. e3 Nc6
15. Bb2 b6 16. Qc2 Qa6 17. Qe4 Qa4 18. Rfc1 e5 19. d5 Na5 20. Qc2 Qd7 21. Qd3
f5 22. Nb3 e4 23. Qe2 Rab8 24. Nxa5 bxa5 25. Qc2 g5 26. Rcb1 Rbe8 27. Bc1 Be5
28. Bd2 Rf6 29. Rh1 f4 30. exf4 gxf4 31. Rae1 fxg3 32. fxg3 Rf3 33. Re3 Qf5 34.
Rd1 Rxe3 0-1

[Event "2BLS 2122 SG Speyer-Schwegenheim - TSV"]
[Site "?"]
[Date "2022.06.19"]
[Round "8.1"]
[White "Lobron, Eric"]
[Black "Pavlidis, Antonios"]
[Result "1-0"]
[WhiteElo "2490"]
[BlackElo "2546"]
[PlyCount "107"]
[EventDate "2022.??.??"]

1. Nf3 Nf6 2. c4 g6 3. g3 Bg7 4. Bg2 O-O 5. O-O d6 6. Nc3 e5 7. d3 Nc6 8. Rb1
a5 9. a3 Nd4 10. Nxd4 exd4 11. Nb5 Ne8 12. e3 dxe3 13. Bxe3 c6 14. Nc3 Nf6 15.
h3 Be6 16. Ne2 Re8 17. Nf4 Bd7 18. Qd2 a4 19. Rbe1 Qa5 20. Qc1 Re5 21. Bd2 Qb6
22. Bc3 Rxe1 23. Rxe1 Re8 24. Rxe8+ Nxe8 25. Ne2 h5 26. Bxg7 Nxg7 27. Nc3 Qd4
28. Qe3 Nf5 29. Qxd4 Nxd4 30. Ne4 Bf5 31. Nxd6 Bxd3 32. Nxb7 Bxc4 33. f4 Kf8
34. Kf2 Ke7 35. Nc5 Bb5 36. g4 hxg4 37. hxg4 Kd6 38. Ne4+ Ke7 39. Nc3 Kd6 40.
Ne4+ Ke7 41. Ke3 Nc2+ 42. Kd2 Nd4 43. Nc3 Kd6 44. Be4 f5 45. Ke3 Kc5 46. Bb1
fxg4 47. Bxg6 Nf3 48. Bh5 Nh2 49. Ne4+ Kb6 50. f5 Kc7 51. Kf4 Bd3 52. f6 Kd8
53. Nc5 Bc4 54. Bxg4 1-0

[Event "2BLS 2122 SG Speyer-Schwegenheim - TSV"]
[Site "?"]
[Date "2022.06.19"]
[Round "8.2"]
[White "Horvath, Adam"]
[Black "Balcerak, Jakob"]
[Result "1-0"]
[WhiteElo "2518"]
[BlackElo "2475"]
[PlyCount "57"]
[EventDate "2022.??.??"]

1. e4 c5 2. Nf3 d6 3. d4 cxd4 4. Nxd4 Nf6 5. Nc3 a6 6. Be3 e5 7. Nb3 Be6 8. f3
h5 9. Qd2 Nbd7 10. Nd5 Bxd5 11. exd5 Qc7 12. c4 a5 13. Rc1 a4 14. Na1 g6 15.
Be2 Bg7 16. O-O O-O 17. Nc2 Nc5 18. Na3 Qe7 19. Nb5 Nfd7 20. Rb1 f5 21. b4 axb3
22. axb3 Na6 23. b4 Rac8 24. Na7 Ra8 25. c5 dxc5 26. Bxa6 bxa6 27. Nc6 Qd6 28.
bxc5 Nxc5 29. Qb4 1-0

[Event "2BLS 2122 SG Speyer-Schwegenheim - TSV"]
[Site "?"]
[Date "2022.06.19"]
[Round "8.3"]
[White "Goebel, Constantin"]
[Black "Nemeth, Miklos"]
[Result "1/2-1/2"]
[WhiteElo "2251"]
[BlackElo "2463"]
[PlyCount "82"]
[EventDate "2022.??.??"]

1. e4 e5 2. Nf3 Nc6 3. Bb5 a6 4. Ba4 Nf6 5. O-O Be7 6. Re1 b5 7. Bb3 d6 8. c3
O-O 9. h3 Bb7 10. d4 Re8 11. Ng5 Rf8 12. Nf3 h6 13. Nbd2 Re8 14. Nf1 Bf8 15.
Ng3 Na5 16. Bc2 Nc4 17. b3 Nb6 18. a4 bxa4 19. bxa4 a5 20. Bd3 g6 21. Qb3 Nfd7
22. Rb1 Bg7 23. Be3 exd4 24. cxd4 d5 25. Bf4 Re6 26. Rbc1 Rc8 27. Qb5 Qe7 28.
Rxc7 Rxc7 29. Bxc7 dxe4 30. Bxe4 Nf6 31. Bxb6 Nxe4 32. Nxe4 Bxe4 33. Nd2 Bc6
34. Rxe6 Qxe6 35. Qxa5 Qe1+ 36. Nf1 Qxa5 37. Bxa5 Bxd4 38. Bd2 Bxa4 39. Bxh6 f6
40. Bd2 Bc6 41. Nh2 Kf7 1/2-1/2

[Event "2BLS 2122 SG Speyer-Schwegenheim - TSV"]
[Site "?"]
[Date "2022.06.19"]
[Round "8.4"]
[White "Kovacs, Gabor"]
[Black "Gohil, Harry"]
[Result "1-0"]
[WhiteElo "2426"]
[BlackElo "2250"]
[PlyCount "63"]
[EventDate "2022.??.??"]

1. c4 g6 2. Nf3 Bg7 3. g3 d6 4. Bg2 Nf6 5. O-O O-O 6. d4 Nc6 7. Nc3 e5 8. h3
Bd7 9. Be3 Qc8 10. Kh2 a6 11. Rc1 exd4 12. Nxd4 Ne5 13. Nd5 Qd8 14. Nxf6+ Bxf6
15. c5 d5 16. Qb3 c6 17. Rfd1 Rb8 18. Qc2 Bg7 19. f4 Nc4 20. Bf2 f5 21. a4 Re8
22. Rd3 b6 23. cxb6 Rxb6 24. b3 Na5 25. Bf3 Nb7 26. Nxc6 Bxc6 27. Bxb6 Qxb6 28.
Qxc6 Qxc6 29. Rxc6 d4 30. b4 Rd8 31. Rxa6 Rd6 32. Ra8+ 1-0

[Event "2BLS 2122 SG Speyer-Schwegenheim - TSV"]
[Site "?"]
[Date "2022.06.19"]
[Round "8.5"]
[White "Lohr, Matthias"]
[Black "Boguslawski, Oleg"]
[Result "0-1"]
[WhiteElo "2110"]
[BlackElo "2377"]
[PlyCount "82"]
[EventDate "2022.??.??"]

1. d4 d5 2. c4 c6 3. Nf3 Nf6 4. g3 dxc4 5. Bg2 g6 6. O-O Bg7 7. a4 O-O 8. Na3
Nbd7 9. Nxc4 Nb6 10. Nce5 a5 11. b3 h6 12. Bb2 Be6 13. Nd2 Nfd7 14. Nd3 f5 15.
Qc2 Nd5 16. e3 Rc8 17. Rac1 Qe8 18. Nc5 Nxc5 19. dxc5 Nb4 20. Qb1 Bxb2 21. Qxb2
Nd3 22. Qc3 Nxc1 23. Rxc1 Qf7 24. Qxa5 Bxb3 25. Qb4 Bd5 26. Bf1 Qe6 27. Rb1 Rc7
28. Qf4 Rd7 29. Qxh6 Ra8 30. Rb4 Qf6 31. e4 Bf7 32. exf5 gxf5 33. Qe3 Rad8 34.
Nf3 Rd1 35. Ne5 Bd5 36. Rh4 Be4 37. Qf4 R8d5 38. Ng4 Rxf1+ 39. Kxf1 Qa1+ 40.
Ke2 Qd1+ 41. Ke3 Qd3# 0-1

[Event "2BLS 2122 SG Speyer-Schwegenheim - TSV"]
[Site "?"]
[Date "2022.06.19"]
[Round "8.6"]
[White "Csonka, Attila Istvan"]
[Black "Siebenhaar, Erich"]
[Result "1-0"]
[WhiteElo "2321"]
[BlackElo "2023"]
[PlyCount "101"]
[EventDate "2022.??.??"]

1. e4 Nf6 2. e5 Nd5 3. d4 d6 4. c4 Nb6 5. exd6 cxd6 6. Nc3 g6 7. Be3 Bg7 8. Rc1
O-O 9. h3 Nc6 10. Nf3 Bf5 11. b3 d5 12. c5 Nc8 13. Bb5 a6 14. Bxc6 bxc6 15. O-O
f6 16. Bf4 g5 17. Bg3 Re8 18. Re1 e6 19. Na4 Ra7 20. Rc3 Be4 21. Nd2 Bg6 22.
Rce3 Rae7 23. Qe2 e5 24. Qxa6 exd4 25. Rxe7 Rxe7 26. Rxe7 Nxe7 27. Bd6 Qe8 28.
Nb6 Bf8 29. Qe2 Nf5 30. Qxe8 Bxe8 31. Bxf8 Kxf8 32. a4 d3 33. a5 Nd4 34. a6 Nb5
35. Nc8 Bd7 36. a7 Nxa7 37. Nxa7 Ke7 38. b4 Kd8 39. b5 cxb5 40. c6 Be8 41. Nxb5
Bxc6 42. Nd4 Be8 43. f4 gxf4 44. Kf2 Bg6 45. Ne6+ Ke7 46. Nxf4 Kd6 47. Nxg6
hxg6 48. Ke3 Ke5 49. Nf3+ Kf5 50. g4+ Ke6 51. Kxd3 1-0

[Event "2BLS 2122 SG Speyer-Schwegenheim - TSV"]
[Site "?"]
[Date "2022.06.19"]
[Round "8.8"]
[White "Flierl, Pascal"]
[Black "Thoene, Ruediger"]
[Result "1-0"]
[WhiteElo "2187"]
[BlackElo "1870"]
[PlyCount "47"]
[EventDate "2022.??.??"]

1. e4 c5 2. Nc3 Nc6 3. f4 g6 4. Nf3 Bg7 5. Bb5 Nd4 6. O-O Nxb5 7. Nxb5 a6 8.
Nc3 d6 9. Qe1 Bg4 10. d3 b5 11. f5 Bxf3 12. Rxf3 Nf6 13. Qh4 d5 14. exd5 b4 15.
Ne4 Qxd5 16. Be3 Nxe4 17. dxe4 Qc4 18. b3 Qxc2 19. Rc1 Qxa2 20. e5 Qb2 21. f6
Bf8 22. Qe4 Rd8 23. Qc6+ Rd7 24. Rd1 1-0

[Event "2BLS 2122 SC Ötigheim - TSV Schönaich"]
[Site "?"]
[Date "2022.06.19"]
[Round "8.1"]
[White "Krassowizkij, Jaroslaw"]
[Black "Georgiev, Kiril"]
[Result "0-1"]
[WhiteElo "2431"]
[BlackElo "2534"]
[PlyCount "80"]
[EventDate "2022.??.??"]

1. d4 Nf6 2. c4 g6 3. Nc3 d5 4. cxd5 Nxd5 5. e4 Nxc3 6. bxc3 Bg7 7. Bc4 c5 8.
Ne2 Nc6 9. Be3 O-O 10. O-O Qc7 11. Qc2 Na5 12. Bb3 cxd4 13. cxd4 Qxc2 14. Bxc2
Be6 15. Rfc1 Rfd8 16. Bd3 Nc6 17. Bc4 Nxd4 18. Nxd4 Bxd4 19. Bxd4 Rxd4 20. Bxe6
fxe6 21. Rc7 Rad8 22. f3 R8d7 23. Rac1 Kf7 24. Rxd7 Rxd7 25. a4 b6 26. Rb1 Rd6
27. Rc1 a5 28. Kf1 Ke8 29. e5 Rd8 30. Rb1 Rb8 31. Rd1 Rc8 32. Ke2 Rc2+ 33. Kd3
Rxg2 34. Rb1 Rxh2 35. Rxb6 Rh4 36. Rxe6 Rxa4 37. Ra6 Kf7 38. Ke3 Ra1 39. Kf4 a4
40. Kg5 a3 0-1

[Event "2BLS 2122 SC Ötigheim - TSV Schönaich"]
[Site "?"]
[Date "2022.06.19"]
[Round "8.3"]
[White "Ivanisevic, Ivan"]
[Black "Grigoriants, Sergey"]
[Result "1/2-1/2"]
[WhiteElo "2557"]
[BlackElo "2547"]
[PlyCount "82"]
[EventDate "2022.??.??"]

1. d4 Nf6 2. c4 e6 3. g3 d5 4. Bg2 dxc4 5. Nf3 Bb4+ 6. Nbd2 a5 7. a3 Bxd2+ 8.
Bxd2 b5 9. a4 c6 10. Qc2 Bb7 11. h4 Na6 12. O-O Nb4 13. Bxb4 axb4 14. Ne5 Nd5
15. b3 c3 16. Nd3 Qb6 17. Nc5 Bc8 18. axb5 Rxa1 19. Rxa1 cxb5 20. e3 O-O 21.
Nd3 Bb7 22. Bxd5 Bxd5 23. Nxb4 Qc7 24. Na6 Qc8 25. e4 Ba8 26. Nb4 f5 27. Rc1
Bxe4 28. Qxc3 Qxc3 29. Rxc3 Rd8 30. Nc6 b4 31. Rc5 Bxc6 32. Rxc6 Rxd4 33. Rxe6
Rd3 34. h5 Rxb3 35. h6 gxh6 36. Rf6 Rf3 37. Rb6 b3 38. Kg2 Rc3 39. Rb5 f4 40.
gxf4 Kg7 41. f3 Rc2+ 1/2-1/2

[Event "2BLS 2122 SC Ötigheim - TSV Schönaich"]
[Site "?"]
[Date "2022.06.19"]
[Round "8.4"]
[White "Lai, Hing Ting"]
[Black "Kadric, Denis"]
[Result "1-0"]
[WhiteElo "2467"]
[BlackElo "2575"]
[PlyCount "66"]
[EventDate "2022.??.??"]

1. d4 d6 2. Nf3 g6 3. g3 Bg7 4. Bg2 Nd7 5. c4 Nh6 6. O-O e5 7. Nc3 O-O 8. e4 f6
9. Re1 c6 10. h3 Nf7 11. Be3 Bh6 12. Bxh6 Nxh6 13. b4 Nf7 14. Qb3 Kg7 15. Rad1
Qe7 16. a3 a5 17. Rd2 axb4 18. axb4 Ng5 19. Red1 Nxf3+ 20. Bxf3 exd4 21. Rxd4
Ne5 22. Bg2 Be6 23. b5 Rfc8 24. bxc6 bxc6 25. Rxd6 Rab8 26. Qa3 Nf7 27. c5 Nxd6
28. cxd6 Qd7 29. Qc5 Ra8 30. e5 f5 31. Ne2 Ra4 32. Nd4 Kf7 33. Nxe6 Kxe6 1-0

[Event "2BLS 2122 SC Ötigheim - TSV Schönaich"]
[Site "?"]
[Date "2022.06.19"]
[Round "8.5"]
[White "Bosiocic, Marin"]
[Black "Inkiov, Ventzislav"]
[Result "1-0"]
[WhiteElo "2542"]
[BlackElo "2418"]
[PlyCount "141"]
[EventDate "2022.??.??"]

1. d4 Nf6 2. c4 e6 3. Nf3 d5 4. g3 dxc4 5. Bg2 c5 6. O-O Nc6 7. Ne5 Bd7 8. Na3
Rc8 9. Naxc4 cxd4 10. Qb3 Nxe5 11. Nxe5 Bc6 12. Nxc6 bxc6 13. Rd1 c5 14. e3 Bd6
15. exd4 c4 16. Qb5+ Qd7 17. a4 Rc7 18. Bd2 O-O 19. Rdc1 Qxb5 20. axb5 Nd5 21.
Bf1 Nb6 22. Bc3 Be7 23. Ra6 Rd8 24. Rca1 Rdd7 25. Bg2 Nd5 26. Rc6 h6 27. Bf1
Bb4 28. Bxb4 Nxb4 29. Rxc7 Rxc7 30. Rc1 Nd3 31. Rc2 Rd7 32. Rxc4 Nxb2 33. Rc8+
Kh7 34. Bg2 Rxd4 35. Bc6 Ra4 36. Kg2 Ra2 37. Rc7 f5 38. Bd7 Ra5 39. Rc3 Kg6 40.
Re3 Nc4 41. Rxe6+ Kf7 42. Re2 Nd6 43. Rb2 Ra3 44. h4 Kf6 45. h5 Ne4 46. Rc2 Nd6
47. Rd2 Nc4 48. Rd5 Ne5 49. Bc8 Rd3 50. Rxd3 Nxd3 51. Kf3 Ne5+ 52. Kf4 g5+ 53.
hxg6 Nxg6+ 54. Ke3 Ne7 55. Bb7 Ke5 56. f4+ Kd6 57. Kd4 Ng8 58. Bd5 Nf6 59. Bf3
Nd7 60. Bh5 Nf6 61. Bg6 Ke6 62. Kc5 Ne4+ 63. Kc6 Nxg3 64. Kb7 h5 65. Kxa7 h4
66. b6 h3 67. b7 h2 68. b8=Q h1=Q 69. Qe5+ Kd7 70. Be8+ Kd8 71. Bb5 1-0

[Event "2BLS 2122 SC Ötigheim - TSV Schönaich"]
[Site "?"]
[Date "2022.06.19"]
[Round "8.6"]
[White "Hopman, Pieter"]
[Black "Perunovic, Milos"]
[Result "0-1"]
[WhiteElo "2352"]
[BlackElo "2543"]
[PlyCount "134"]
[EventDate "2022.??.??"]

1. e4 c5 2. Nf3 Nc6 3. Bb5 e6 4. O-O Nge7 5. Re1 a6 6. Bf1 b6 7. c4 Bb7 8. b3
Ng6 9. Bb2 f6 10. Na3 Bd6 11. Nc2 Qc7 12. a3 O-O 13. d4 cxd4 14. Ncxd4 Nxd4 15.
Bxd4 f5 16. Bd3 Nf4 17. Bc2 fxe4 18. Ng5 e5 19. Be3 Be7 20. Nxe4 Qc6 21. f3
Rad8 22. b4 Kh8 23. c5 bxc5 24. bxc5 d5 25. cxd6 Bxd6 26. Qb1 Be7 27. Ra2 Ba8
28. Rb2 Nd5 29. Rb3 Rc8 30. Re2 a5 31. Qb2 Nxe3 32. Rbxe3 Bd8 33. Rb3 a4 34.
Rb4 Qa6 35. Bxa4 Be7 36. Bd1 Rfd8 37. Nf2 Bxb4 38. axb4 Qb6 39. Bc2 Rd4 40. b5
Rcd8 41. h3 Qc5 42. Bf5 Rf8 43. Qc2 Rc4 44. Qd3 Rc3 45. Qd7 e4 46. fxe4 g6 47.
Bg4 h5 48. Qd2 Kg7 49. Bf3 Rc1+ 50. Re1 Rc2 51. Qe3 Qxb5 52. Qd4+ Kh7 53. Qa7+
Kg8 54. Rd1 Qe5 55. Qe3 Rc7 56. Nd3 Qg3 57. Qf2 Qg5 58. Nb4 Bxe4 59. Qa2+ Kh7
60. Bxe4 Qe3+ 61. Kh1 Qxe4 62. Nd5 Rcf7 63. Qa6 Rf2 64. Qb7+ Kh6 65. Rg1 Rxg2
66. Rxg2 Rf1+ 67. Kh2 Qe5+ 0-1

[Event "2BLS 2122 SC Ötigheim - TSV Schönaich"]
[Site "?"]
[Date "2022.06.19"]
[Round "8.7"]
[White "Koelle, Tobias"]
[Black "Kabos, Tobias"]
[Result "1-0"]
[WhiteElo "2443"]
[BlackElo "2355"]
[PlyCount "41"]
[EventDate "2022.??.??"]

1. d4 d5 2. c4 e6 3. Nf3 Nf6 4. Nc3 c5 5. cxd5 Nxd5 6. e4 Nxc3 7. bxc3 cxd4 8.
cxd4 Bb4+ 9. Bd2 Bxd2+ 10. Qxd2 O-O 11. Rc1 b6 12. Bd3 Bb7 13. O-O Nd7 14. Qf4
h6 15. h4 Rc8 16. Rxc8 Bxc8 17. Rc1 e5 18. Nxe5 Nxe5 19. Qxe5 Qxh4 20. d5 f5
21. Rxc8 1-0

[Event "2BLS 2122 SC Ötigheim - TSV Schönaich"]
[Site "?"]
[Date "2022.06.19"]
[Round "8.8"]
[White "Kuehn, Kolja"]
[Black "Saric, Ante"]
[Result "0-1"]
[WhiteElo "2131"]
[BlackElo "2512"]
[PlyCount "74"]
[EventDate "2022.??.??"]

1. e4 c5 2. Nf3 e6 3. d4 cxd4 4. Nxd4 a6 5. g3 d5 6. Nc3 dxe4 7. Nxe4 e5 8. Ne2
Qxd1+ 9. Kxd1 Nc6 10. Bg2 f5 11. Ng5 Bc5 12. Be3 Bxe3 13. fxe3 Nf6 14. Nc3 h6
15. Nh3 Be6 16. b3 Rc8 17. Kc1 Ng4 18. Bd5 Bxd5 19. Nxd5 Ne7 20. Nb6 Rc6 21.
Nc4 b5 22. Na5 Rc7 23. c4 bxc4 24. Nxc4 Nxe3 25. Kb2 Nxc4+ 26. bxc4 Rxc4 27.
Rac1 Rxc1 28. Rxc1 Kd7 29. Nf2 Rb8+ 30. Ka3 Rb5 31. Nd3 Kd6 32. h4 g6 33. Nb4
Nd5 34. Nxd5 Rxd5 35. Kb4 Rd3 36. Rg1 e4 37. g4 f4 0-1

[Event "2BLS 2122 OSG Baden-Baden II - Stuttgar"]
[Site "?"]
[Date "2022.06.19"]
[Round "8.1"]
[White "Schitco, Ivan"]
[Black "Dann, Matthias"]
[Result "1-0"]
[WhiteElo "2472"]
[BlackElo "2465"]
[PlyCount "99"]
[EventDate "2022.??.??"]

1. c4 e5 2. Nf3 e4 3. Nd4 Nc6 4. e3 Nf6 5. Nc3 Bb4 6. Qb3 Bc5 7. Nde2 O-O 8.
Ng3 Re8 9. Be2 b6 10. O-O Bb7 11. f3 Bd6 12. fxe4 Bxg3 13. hxg3 Nxe4 14. Nxe4
Rxe4 15. Bf3 Ne5 16. Bxe4 Bxe4 17. Rf4 f5 18. c5+ Kh8 19. Rxe4 fxe4 20. Qd5 Nd3
21. Qxe4 Nxc5 22. Qf3 d5 23. b3 Nd3 24. Ba3 c5 25. Rf1 h6 26. Qf5 c4 27. Qe6
Qg8 28. Rf7 Ne5 29. Re7 Qxe6 30. Rxe6 Ng4 31. Bb2 b5 32. Rd6 Nf6 33. Bxf6 gxf6
34. Rxd5 a6 35. Kf2 Rc8 36. Rd6 cxb3 37. axb3 Rc2 38. Ke2 Kg7 39. Rxa6 Rb2 40.
Ra3 b4 41. Ra7+ Kg6 42. Kd3 Rb1 43. Ra4 Rg1 44. Rxb4 Rxg2 45. g4 Kg5 46. Rf4
Rxg4 47. Rxg4+ Kxg4 48. b4 h5 49. b5 h4 50. Ke2 1-0

[Event "2BLS 2122 OSG Baden-Baden II - Stuttgar"]
[Site "?"]
[Date "2022.06.19"]
[Round "8.2"]
[White "Breder, Dennis"]
[Black "Macovei, Andrei"]
[Result "1/2-1/2"]
[WhiteElo "2468"]
[BlackElo "2470"]
[PlyCount "69"]
[EventDate "2022.??.??"]

1. e4 c5 2. Nf3 d6 3. Bb5+ Nd7 4. d4 cxd4 5. Qxd4 a6 6. Bxd7+ Bxd7 7. O-O Nf6
8. Bg5 e6 9. Na3 Bc6 10. Nc4 Bxe4 11. Bxf6 Qxf6 12. Qxe4 d5 13. Qe2 dxc4 14.
Qxc4 Be7 15. c3 O-O 16. Rad1 b5 17. Qe4 Rfd8 18. Ne5 Bf8 19. Nd7 Qe7 20. Rd4
Ra7 21. Nxf8 Rxf8 22. Rfd1 Raa8 23. g3 h6 24. Rd7 Qf6 25. R1d6 a5 26. a3 Rab8
27. Rd4 Rfd8 28. Qc6 Rxd7 29. Rxd7 Qe5 30. Qf3 f5 31. Qd3 Kh7 32. Kg2 b4 33.
axb4 axb4 34. Qd4 Qxd4 35. Rxd4 1/2-1/2

[Event "2BLS 2122 OSG Baden-Baden II - Stuttgar"]
[Site "?"]
[Date "2022.06.19"]
[Round "8.3"]
[White "Kvetny, Mark"]
[Black "Martin, Julian"]
[Result "0-1"]
[WhiteElo "2421"]
[BlackElo "2372"]
[PlyCount "58"]
[EventDate "2022.??.??"]

1. e4 c5 2. Nf3 d6 3. Bb5+ Nd7 4. O-O Ngf6 5. Re1 a6 6. Bxd7+ Bxd7 7. c3 Bc6 8.
d4 Bxe4 9. Bg5 Bc6 10. Bxf6 gxf6 11. d5 Bd7 12. Nbd2 Qc7 13. a4 O-O-O 14. b4 e6
15. Nc4 Bh6 16. bxc5 dxc5 17. d6 Qc6 18. Rb1 Bf4 19. g3 b5 20. axb5 axb5 21.
Na3 Qa6 22. gxf4 Rhg8+ 23. Kh1 Bc6 24. Re3 Qxa3 25. c4 Qa2 26. cxb5 Qxf2 27.
Qf1 Qxf1+ 28. Rxf1 Bd5 29. Rc1 c4 0-1

[Event "2BLS 2122 OSG Baden-Baden II - Stuttgar"]
[Site "?"]
[Date "2022.06.19"]
[Round "8.4"]
[White "Riff, Jean-Noel"]
[Black "Benkovic, Petar"]
[Result "1-0"]
[WhiteElo "2451"]
[BlackElo "2361"]
[PlyCount "131"]
[EventDate "2022.??.??"]

1. e4 c5 2. Nf3 e6 3. d4 cxd4 4. Nxd4 a6 5. Nc3 Qc7 6. Bd3 Nf6 7. Qe2 Bc5 8.
Nb3 Bb4 9. O-O Nc6 10. Bd2 Be7 11. f4 d6 12. a4 b6 13. Rae1 Bb7 14. e5 dxe5 15.
fxe5 Nd7 16. Bf4 Bh4 17. g3 Be7 18. Nd5 Qd8 19. Nxe7 Qxe7 20. Be4 Nc5 21. Nxc5
Qxc5+ 22. Be3 Qxe5 23. Qf3 Qc7 24. Qf2 b5 25. Bb6 Qe7 26. Bc5 Qc7 27. Rd1 bxa4
28. Bd6 Qd7 29. Be5 Qe7 30. Bxg7 Rg8 31. Bf6 Qc7 32. Qc5 Rg4 33. Bxc6+ Bxc6 34.
Rd6 Rc4 35. Qe5 Qa7+ 36. Rf2 Re4 37. Qc3 Bd5 38. Qa5 Qb8 39. Rd8+ Qxd8 40. Bxd8
Rxd8 41. Rxf7 Kxf7 42. Qxd8 Rc4 43. Qd7+ Kg6 44. Qe8+ Kg7 45. Qe7+ Kg6 46. c3
h5 47. Kf2 Re4 48. Qe8+ Kh6 49. h3 Bb3 50. Qf7 Bc4 51. Qf3 Bd5 52. Qf6+ Kh7 53.
Qg5 h4 54. g4 Rc4 55. Qxh4+ Kg7 56. Qg5+ Kf7 57. h4 a3 58. bxa3 Rxc3 59. h5
Rf3+ 60. Ke2 Rxa3 61. Qg6+ Ke7 62. h6 Bc4+ 63. Kf2 Bd3 64. Qg7+ Ke8 65. h7 Bxh7
66. Qxh7 1-0